Visualizzazione normale
Vista MARC
- Luske Hamilton
di Personal Name
Records bibliografici associati: 1
001 - CONTROL NUMBER
- control field: 38063
003 - CONTROL NUMBER IDENTIFIER
- control field: IT-RoPau
005 - DATE AND TIME OF LATEST TRANSACTION
- control field: 20151125211237.0
008 - FIXED-LENGTH DATA ELEMENTS
- fixed length control field: 151125|| aca||aabn | a|a d
040 ## - CATALOGING SOURCE
- Original cataloging agency: IT-RoPau
- Transcribing agency: IT-RoPau
100 ## - HEADING--PERSONAL NAME
- Personal name: Luske Hamilton
- Relator term: (regista)
- Miscellaneous information: Codice secondo regista SPICS: 29528
670 ## - SOURCE DATA FOUND
- Source citation: Work cat.: (IT-RoPau)104859: Reitherman Wolfgang Codice regista SPICS: 23295 38059, CARICA DEI 101 (LA) CARICA DEI 101 (LA) (Rif. Codice opera principale : D7279)